000 00806nam a2200217Ia 4500
999 _c40212
_d40212
001 6819
003 GE_BSU
005 20200116114610.0
008 181216s1978||||ge |||||||||||||| ||geo||
040 _cGE_BSU
041 _ageo
080 _a821.353.1-32 გ-61
100 _aგოგოლაძე, თენგიზ.
_96147
245 _aგზა კაცისა წიგნი 1 :
_bრომანი /
_cთენგიზ გოგოლაძე ; რედ. ც. ქაროსანიძე.
264 _aთბილისი :
_bმერანი,
_c1978.
300 _a289 გვ. ;
_c20 სმ.
653 _aგზა კაცისა
653 _aრომანი
700 _aქაროსანიძე, ც.
_eრედაქტორი
_93742
942 _cBK
_2udc